|
|
|
|
| LEADER |
00000nab a2200000uu 4500 |
| 001 |
vtls011442270 |
| 003 |
SK-MaSNL |
| 005 |
20260303123321.0 |
| 008 |
230213|1971 xo |||||||||||||||||slo| |
| 015 |
|
|
|a SNBRB
|
| 035 |
|
|
|a (urnnbn)urn:nbn:sk:snk:ar-0031zc
|
| 035 |
|
|
|a (uuid)0fcdcf8f-a201-48ae-854e-ae835f354049
|
| 035 |
|
|
|a urn:nbn:sk:snk-abcgbp
|
| 040 |
|
|
|a SNKBUCL
|b slo
|c SNKBUCL
|e AACR2
|
| 041 |
0 |
|
|a slo
|
| 044 |
|
|
|a xo
|c SK
|
| 100 |
1 |
|
|a Zelinková, E.
|4 aut
|9 1120215
|
| 245 |
1 |
0 |
|a BARTLEY W., KORNBERG I. L., QUAYLE J. R., ESSAYS IN CELL METABOLISM
|c E. Zelinková
|
| 773 |
0 |
|
|t Biológia : časopis Slovenskej akadémie vied
|g Roč. 26, č. 3 (1971), s. 268-269
|
| 954 |
|
|
|a odborná, vedecká literatúra pôvodná (slovenská)
|2 lita
|
| 958 |
|
|
|a OND
|
| 958 |
|
|
|a EUIPO
|
| 958 |
|
|
|a article16
|
| 999 |
|
|
|c 1925137
|d 1927067
|